| Tag |
First Indicator |
Second Indicator |
Subfields |
| LEADER |
00000cam a2200000Ki 4500 |
| 001 |
in00004419082 |
| 006 |
m o d |
| 007 |
cr cnu---unuuu |
| 008 |
201204s2021 mdu ob 001 0 eng d |
| 005 |
20250816223339.2 |
| 020 |
|
|
|a 9781793605689
|q electronic book
|
| 020 |
|
|
|a 1793605688
|q electronic book
|
| 020 |
|
|
|z 179360567X
|
| 020 |
|
|
|z 9781793605672
|
| 024 |
8 |
|
|a 40030289646
|
| 035 |
|
|
|a (NhCcYBP)ebc6416557
|
| 040 |
|
|
|a NhCcYBP
|c NhCcYBP
|d UtOrBLW
|
| 043 |
|
|
|a a-ko---
|
| 050 |
|
4 |
|a PL907
|b .L44 2021
|
| 082 |
0 |
4 |
|a 495.7824
|2 23
|
| 100 |
1 |
|
|a Lee, Dong Bae,
|e author.
|
| 245 |
1 |
4 |
|a The construction of Korean culture in Korean language textbooks :
|b ideologies and textbooks /
|c Dong Bae Lee.
|
| 264 |
|
1 |
|a Lanham, Maryland :
|b Lexington Books,
|c [2021]
|
| 300 |
|
|
|a 1 online resource.
|
| 336 |
|
|
|a text
|b txt
|2 rdacontent
|
| 337 |
|
|
|a computer
|b c
|2 rdamedia
|
| 338 |
|
|
|a online resource
|b cr
|2 rdacarrier
|
| 490 |
1 |
|
|a Lexington studies on Korea's place in international relations
|
| 504 |
|
|
|a Includes bibliographical references and index.
|
| 588 |
|
|
|a Description based on online resource; title from digital title page (viewed on January 21, 2021).
|
| 500 |
|
|
|a Electronic resource.
|
| 650 |
|
0 |
|a Korean language
|v Textbooks for foreign speakers.
|0 http://id.loc.gov/authorities/subjects/sh2009128086
|
| 650 |
|
0 |
|a National characteristics, Korean.
|0 http://id.loc.gov/authorities/subjects/sh85089984
|
| 650 |
|
0 |
|a National characteristics, Korean, in literature.
|0 http://id.loc.gov/authorities/subjects/sh2009000061
|
| 651 |
|
0 |
|a Korea (South)
|x Civilization.
|0 http://id.loc.gov/authorities/subjects/sh2001006017
|
| 655 |
|
7 |
|a Electronic books.
|2 local
|
| 710 |
2 |
|
|a ProQuest (Firm)
|0 http://id.loc.gov/authorities/names/n2007068018
|
| 776 |
1 |
8 |
|c Original
|z 179360567X
|z 9781793605672
|
| 830 |
|
0 |
|a Lexington studies on Korea's place in international relations.
|0 http://id.loc.gov/authorities/names/no2020003313
|
| 856 |
4 |
0 |
|u https://ebookcentral.proquest.com/lib/tamucs/detail.action?docID=6416557
|z Connect to the full text of this electronic book
|t 0
|
| 945 |
|
|
|b 733938
|
| 955 |
|
|
|a YBP purchased approval e-records
|
| 980 |
|
|
|b 318.00
|g 1
|
| 987 |
|
|
|a ybp17143835
|
| 999 |
f |
f |
|s 413f1dae-cfb1-3179-a822-ac79b52c7562
|i 059081dd-32ea-3d05-9ab5-d567828da6b3
|t 0
|
| 952 |
f |
f |
|a Texas A&M University
|b College Station
|c Electronic Resources
|d Available Online
|t 0
|e PL907 .L44 2021
|h Library of Congress classification
|
| 998 |
f |
f |
|a PL907 .L44 2021
|t 0
|l Available Online
|